Statystyki dla Do którego województwa należy to miasto?

Kliknij tutaj aby rozwiązać quiz!

Ogólne statystyki

  • Ten quiz został rozwiązany 193 razy
  • Średni wynik to 37 z 46

Statystyki odpowiedzi

MiastoWojewództwo% Poprawnych
WarszawaMazowieckie
98%
GdańskPomorskie
96%
SzczecinZachodniopo,morskie
95%
GdyniaPomorskie
94%
KatowiceŚląskie
94%
WrocławDolnośląskie
92%
ŁódźŁódzkie
92%
OpoleOpolskie
92%
CzęstochowaŚląskie
91%
LublinLubelskie
90%
KrakówMałopolskie
90%
RzeszówPodkarpackie
90%
OlsztynWarmińsko-Mazurskie
90%
PoznańWielkopolskie
90%
ToruńKujawsko-Pomorskie
89%
KielceŚwiętokrzyskie
89%
BiałystokPodlaskie
88%
Ruda ŚląskaŚląskie
88%
BydgoszczKujawsko-Pomorskie
87%
RadomMazowieckie
87%
Zielona GóraLubuskie
86%
Gorzów WielkopolskiLubuskie
86%
PłockMazowieckie
85%
GliwiceŚląskie
85%
ElblągWarmińsko-Mazurskie
83%
GnieznoWielkopolskie
83%
MalborkPomorskie
82%
KaliszWielkopolskie
82%
KoszalinZachodniopomorskie
81%
SosnowiecŚląskie
80%
Bielsko-BiałaŚląskie
79%
ZabrzeŚląskie
79%
Ostrów ŚwiętokrzyskiŚwiętokrzyskie
78%
WałbrzychDolnośląskie
77%
Piotrków TrybunalskiŁódzkie
76%
TarnówMałopolskie
76%
KoninWielkopolskie
76%
SłupskPomorskie
75%
PrzemyślPodkarpackie
74%
SuwałkiPodlaskie
74%
ZamośćLubelskie
71%
SiedlceMazowieckie
71%
LesznoWielkopolskie
62%
OstrołękaMazowieckie
61%
Kędzierzyn-KoźleOpolskie
61%
Nowy SączMałopolwkie
2%

Rozkład punktacji

Percentyl według liczby udzielonych odpowiedzi

Procent ludzi z każdym wynikiem

Twoja historia wyników

Nie rozwiązałeś tego quizu